| 000 | 00402nam a2200133 i 4500 | ||
|---|---|---|---|
| 001 | 46136 | ||
| 003 | ES-MaACL | ||
| 007 | t| | ||
| 008 | 030328s1885 fr ||||1| fre d | ||
| 100 | 1 |
_aCollot, Louis. _939755 |
|
| 245 | 1 | 0 |
_aDiversité corrélative des sediments et de la faune du Miocene Marin des Bouches-du-Rhone / _cLouis Collot. |
| 260 |
_a[Paris : _bs.n., _c1885] |
||
| 852 |
_aES-MaACL _jT-904-F-7 |
||
| 999 |
_c46136 _d46136 |
||